Países com Mais Bilionários - Statistics

Estatísticas Gerais
  • Esse quiz foi jogado 23 449 vezes
    22 200 desde o último reset
  • A pontuação média é 16 de 21
Estatísticas das Respostas
# País % Correto
748 Estados Unidos
100%
56 Brasil
98%
633 China
97%
120 Rússia
94%
43 França
93%
59 Canadá
92%
46 Japão
91%
136 Alemanha
90%
28 Espanha
87%
50 Itália
85%
56 Reino Unido
85%
147 Índia
83%
46 Austrália
80%
43 Coreia do Sul
77%
40 Suíça
73%
40 Suécia
68%
23 Turquia
48%
29 Singapura
39%
30 Tailândia
38%
28 Israel
37%
45 Taiwan
32%
Nenhum quiz correspondente encontrado
Distribuição das Pontuações
Porcentagem de Pessoas com Cada Pontuação
Percentil de Números Respondidos
Sua Pontuação Histórica
Você não jogou esse quiz desde o último reset